00486nam a2200193 a 4500001001300000003000900013005001700022008004100039020000900080082001600089100001500105245002500120260004600145300000800191500003500199505001100234650003200245700001500277nice12345678IN_TiNIC20260116013636.0050524s1992 mada grp 000 0 eng  ac9500a954.87bYAZ aYazdani, G aAntiquities of Bidar aMadrasbAsian Educational Services c1992 a28p aincludes index and biblioraphy2 aPlates aBidar-History and Monuments1 aYazdani, G